000 01623nam a22001577a 4500
999 _c523901
_d523901
008 231013b ||||| |||| 00| 0 eng d
100 _aLata, Kusum and Bhatt, Saurabh
_944119
245 _aTowards sustainable policies: Harnessing the potential of strategic environmental assessment
260 _aNagarlok: Quarterly Journal of Urban Affairs
300 _a55(2), Jun, 2023: p.17-38
520 _aEnvironmental policy is essential for addressing pressing environmental challenges and achieving sustainable development. In this context, Strategic Environmental Assessment (SEA) is a systematic process that analyses and addresses the environmental impacts of policies, plans, programmes and other strategic initiatives. It goes beyond project-level Environmental Impact Assessment (EIA) and considers the cumulative effects of multiple actions and decisions. The paper aims to explain SEA, including its definitions and interpretations. It highlights the importance of integrating environmental considerations with economic and social factors and emphasizes SEA's role in supporting sustainable development. It also highlights the growing recognition of the need to consider environmental factors in decision-making processes. In conclusion, it underscores the significance of SEA as a proactive intervention in strategic decision-making processes.
650 _aStrategic environmental assessment, Environmental impact assessment, PPP (Programmes, Polices, and plans), Sustainable development.
_940993
773 _aNagarlok: Quarterly Journal of Urban Affairs
906 _aSUSTAINABLE DEVELOPMENT
942 _cAR